000 01994cam a22004934i 4500
003 PE-LiUPU
005 20250731173039.0
008 171219s2009 xxu0 rb 001 0 eng d
020 _a9781844743674
035 _a(Sirsi) a240558
040 _aPE-LiUPU
_bspa
_cPE-LiUPU
_erda
049 _aPRUA
082 0 4 _a241.6424
_bW99
_223
100 1 _aWyatt, John,
_eautor.
245 1 0 _aMatters of life and death :
_bhuman dilemmas in the light of Christian faith /
_cJohn Wyatt.
264 1 _aNottingham :
_bInter-Varsity Press;
_c2009.
300 _a303 páginas ;
_c24 centimetros
336 _atext
_2rdacontent
337 _aunmediated
_2rdamedia
338 _avolume
_2rdacarrier
504 _aBibliografía : páginas 281-293.
504 _aÍndice : páginas 285-303.
505 0 _aWhat´s going on? fundamental themes in health care and society -- Biblical perspectives on humanness -- Reproductive technology and the start of lif -- Fetal sccreening and the quest for a healthy baby -- Brave new world: biotechnology and stem cells -- Abortion and infanticide: a historical perspective -- When is a person? Christian perspectives on the beginning of life -- The dying baby: dilemmas of neonatal care -- A good death? euthanasia and assisted suicide.
526 _aSEG42
526 _aSEG41
526 _aSEG40
526 _aSEG39
526 _aP94
526 _aP87
526 _aP86
526 _aP85
526 _aP77
526 _aP76
526 _aP35
650 0 4 _aÉtica medica.
650 0 4 _aMedicina
_xAspectos religiosos.
650 0 4 _aMedical ethics.
650 0 4 _aMedicine
_xReligious aspects.
910 _adbm
_bksl
_cksl
_d20171219
596 _a1
942 _2ddc
_cBOOK
999 _a241.6424 W99
_wLC
_c26229
_i77694
_f2021-11-10
_g4
_lCCODEBUL1
_mBUL
_p14.40
_r0
_sY
_tBOOK
_u2017-12-19
_xTEOLOGIA
_PP85
_0DONACION
_o.STAFF. Colección Teología
_d26229
980 _81
_gALBERTO SANCHEZ Responsable de Automatización